| 000 | 00497nam a2200193Ia 4500 | ||
|---|---|---|---|
| 005 | 20250522104340.0 | ||
| 008 | 008 250516s9999 xx 000 0 eng d | ||
| 020 | _a9781408850251 | ||
| 040 |
_aSDCL _beng _cSDCL |
||
| 041 |
_aeng _2eng |
||
| 084 |
_aO-,3N65, Q3 LR _qSDCL |
||
| 100 | _aHosseini, Khaled | ||
| 245 | 0 | _aKite Runner-10th Anniversary Edition | |
| 260 |
_aNew Delhi: _bBloomsbury, _c2013. |
||
| 300 | _a343p. | ||
| 365 |
_aINR _b599 |
||
| 650 | _aReference | ||
| 942 | _cTEXL | ||
| 999 |
_c1430026 _d1430026 |
||